| Tag |
First Indicator |
Second Indicator |
Subfields |
| LEADER |
00000cgm a2200000Mi 4500 |
| 001 |
in00002846708 |
| 005 |
20190331170810.0 |
| 006 |
m c |
| 007 |
cr |n|---||a|a |
| 007 |
vz |z|zu| |
| 008 |
020422p20011972nyu127 o vleng d |
| 019 |
|
|
|a 750189127
|
| 029 |
1 |
|
|a NZ1
|b 13872755
|
| 035 |
|
|
|a (OCoLC)ocn630566835
|
| 035 |
|
|
|a (OCoLC)630566835
|z (OCoLC)750189127
|
| 040 |
|
|
|a ALSTP
|b eng
|c ALSTP
|d CEF
|d OCLCQ
|d VMC
|d UtOrBLW
|
| 043 |
|
|
|a e-fr---
|
| 049 |
|
|
|a TXAM
|
| 050 |
1 |
4 |
|a AE5
|b .A860 Internet
|
| 245 |
0 |
0 |
|a Carola /
|c KCET Los Angeles ; Community Television of Southern California ; produced and directed by Norman Lloyd.
|
| 264 |
|
1 |
|a [New York] :
|b Broadway Theatre Archive,
|c [2001]
|
| 264 |
|
4 |
|c ©2001
|
| 300 |
|
|
|a 1 online resource (1 streaming video (127 min.))
|
| 336 |
|
|
|a two-dimensional moving image
|b tdi
|2 rdacontent
|
| 337 |
|
|
|a computer
|b c
|2 rdamedia
|
| 338 |
|
|
|a online resource
|b cr
|2 rdacarrier
|
| 500 |
|
|
|a Originally published as a videocassette.
|
| 518 |
|
|
|a Originally produced as a segment of the series Hollywood Television Theatre in 1972.
|
| 520 |
|
|
|a Legendary filmmaker Jean Renoir's suspenseful and romantic tale of a beautiful French actress struggling to avoid the deadly politics and forbidden passions of Nazi-occupied France.
|
| 588 |
|
|
|a Description based on print version record.
|
| 500 |
|
|
|a Electronic resource.
|
| 650 |
|
0 |
|a Actresses
|z France
|v Drama.
|
| 650 |
|
0 |
|a Man-woman relationships
|v Drama.
|
| 650 |
|
0 |
|a Television plays.
|
| 651 |
|
0 |
|a France
|x History
|y German occupation, 1940-1945
|v Drama.
|
| 655 |
|
7 |
|a Nonfiction films.
|2 lcgft
|
| 655 |
|
7 |
|a Documentary films.
|2 lcgft
|
| 655 |
|
7 |
|a Internet videos.
|2 lcgft
|
| 655 |
|
7 |
|a Feature films.
|2 lcgft
|
| 700 |
1 |
|
|a Bridges, James.
|
| 700 |
1 |
|
|a Caron, Leslie.
|
| 700 |
1 |
|
|a Ferrer, Mel.
|
| 700 |
1 |
|
|a Goldsby, Angela.
|
| 700 |
1 |
|
|a Goldsby, Robert.
|
| 700 |
1 |
|
|a Lloyd, Norman,
|d 1914-
|
| 700 |
1 |
|
|a Paulsen, Albert.
|
| 700 |
1 |
|
|a Renoir, Dido.
|
| 700 |
1 |
|
|a Sacks, Michael.
|
| 700 |
1 |
|
|a Zerbe, Anthony,
|d 1936-
|
| 700 |
1 |
2 |
|a Renoir, Jean,
|d 1894-1979.
|t Carola.
|
| 710 |
2 |
|
|a Broadway Theatre Archive.
|
| 710 |
2 |
|
|a Community Television of Southern California.
|
| 710 |
2 |
|
|a KCET (Television station : Los Angeles, Calif.)
|
| 730 |
0 |
|
|a Hollywood television theatre (Television program)
|
| 830 |
|
0 |
|a Theatre in video.
|
| 856 |
4 |
0 |
|u http://proxy.library.tamu.edu/login?url=http://www.aspresolver.com/aspresolver.asp?ATIV;657506
|z Connect to this online video
|t 0
|
| 994 |
|
|
|a 92
|b TXA
|
| 999 |
|
|
|a MARS
|
| 999 |
f |
f |
|s d6513cf9-ed84-3743-ae0c-c8805a7ada7f
|i c8fcc354-983f-3283-a502-b2ab82411bcf
|t 0
|
| 952 |
f |
f |
|a Texas A&M University
|b College Station
|c Electronic Resources
|d Available Online
|t 0
|e AE5 .A860 Internet
|h Library of Congress classification
|
| 998 |
f |
f |
|a AE5 .A860 Internet
|t 0
|l Available Online
|